000 00486nam a2200217Ia 4500
003 IT-RoPAU
008 120407s9999 xx 000 0 und d
040 _aIT-RoPAU
040 _cIT-RoPAU
041 _aita
100 _aPeter Lippert
245 _aCredo. Dio - Trinità - Creazione - Redenzione - Grazia - Sacramenti.
250 _aAlba
260 _aEdizioni Paoline
260 _c1954
300 _c cm
490 _aMusa
490 _v1
942 _cBK
999 _c17384
_d17384